Context and culture in language teaching
This book takes cultural knowledge in language learning not only as a necessary aspect of communicative competence, but as an educational objective in its own right
Salvato in:
| Autore principale: | |
|---|---|
| Natura: | Libro |
| Lingua: | Undetermined |
| Pubblicazione: |
Oxford
Oxford University Press
1994
|
| Soggetti: | |
| Tags: |
Aggiungi Tag
Nessun Tag, puoi essere il primo ad aggiungerne! !
|
| Thư viện lưu trữ: | Trung tâm Học liệu Trường Đại học Cần Thơ |
|---|
| LEADER | 00748nam a2200217Ia 4500 | ||
|---|---|---|---|
| 001 | CTU_28646 | ||
| 008 | 210402s9999 xx 000 0 und d | ||
| 020 | |b 96.000đ | ||
| 082 | |a 410.7 | ||
| 082 | |b K89 | ||
| 100 | |a Kramsch, Claire | ||
| 245 | 0 | |a Context and culture in language teaching | |
| 245 | 0 | |c Claire Kramsch | |
| 260 | |a Oxford | ||
| 260 | |b Oxford University Press | ||
| 260 | |c 1994 | ||
| 520 | |a This book takes cultural knowledge in language learning not only as a necessary aspect of communicative competence, but as an educational objective in its own right | ||
| 650 | |a Language and languages | ||
| 650 | |x Study and teaching,Foreign speakers | ||
| 904 | |i Minh | ||
| 980 | |a Trung tâm Học liệu Trường Đại học Cần Thơ | ||